Classifica Marcatori Serie A 2002-2003 - Statistics

Statistiche generali
  • Questo quiz è stato fatto 76 volte
  • Il punteggio medio è 10 su 15
Statistiche sulle risposte
Gol Nazione Squadra Calciatore % Corretto
16 Italia Juventus Alessandro Del Piero
98%
14 Italia Roma Francesco Totti
98%
18 Romania Parma Adrian Mutu
97%
17 Italia Milan Filippo Inzaghi
97%
24 Italia Inter Christian Vieri
92%
12 Italia Brescia Roberto Baggio
89%
15 Brasile Parma Adriano
80%
12 Italia Bologna Giuseppe Signori
77%
14 Italia Piacenza Dario Hübner
75%
13 Italia Empoli Antonio Di Natale
58%
10 Italia Atalanta Cristiano Doni
58%
10 Argentina Bologna Julio Cruz
40%
15 Argentina Lazio Claudio López
34%
10 Italia Lazio Bernardo Corradi
22%
10 Italia Parma/Reggina Emiliano Bonazzoli
11%
Nessun quiz corrispondente trovato
Distribuzione punteggi
Percentuale di utenti per punteggio
Percentile per numero di risposta
I tuoi punteggi nel tempo
Non hai fatto questo quiz